| 000 | 004170000a22001690004500 | ||
|---|---|---|---|
| 003 | MACL | ||
| 005 | 20160105122746.0 | ||
| 008 | 160105b xxu||||| |||| 00| 0 eng d | ||
| 040 |
_aMACL _cMACL |
||
| 041 | _aEnglish | ||
| 082 | _a823/ROB | ||
| 100 |
_aRobbins, Harold _927842 |
||
| 245 | _aThe Carpet Baggers | ||
| 260 |
_bNew English Library _c1976 _aBombay |
||
| 650 |
_aFiction _927843 |
||
| 942 |
_cBK _k823/ROB _2ddc |
||
| 999 |
_c34031 _d34031 |
||